LEADER 01221nam a2200277 i 4500 001 000000190591 003 CaOOAMICUS 005 20100622000000.0 008 100622s1988 it u000 u ita u 013 $a169013 020 $a88-16-30160-0 040 $aSeMil$bita 100 1 $aDupleix, André <1944- >.$0(OLS)http://semarc/name/20140 240 10$aComme insiste l'amour :$bprésence du curé d'Ars.$0(OLS)http://semarc/title/59889 245 12$aL'insistenza dell'amore :$bIl curato d'Ars /$cAndré Dupleix. 260 $aMilano :$bJaca Book,$c1988. 300 $a249 p. ;$c23 cm. 490 0 $aGià e non ancora [Jaca Book] ;$v160 500 $aContiene : Bibliografia essenziale. 600 14$aVianney, Jean-Marie Baptiste .$0(OLS)http://semarc/subject/2781 830 0$aGià e non ancora ;$v160.$0(OLS)http://semarc/title/5902 850 $aSeMil 852 $aSeMil$W1$xVenegono$y1$m3H IV 260$j141208$B141208$CSeMilBibl$Z2$F152807 $81 996 $6020$a88-16-30160-0$9(OLS)http://semarc/number/181539 996 $6245$aL'insistenza dell'amore :$bIl curato d'Ars$9(OLS)http://semarc/title/274575 996 $6260$aMilano :$bJaca Book$9(OLS)http://semarc/publisher/29781 LEADER 01349nam a2200253 i 4500 001 000000105218 003 CaOOAMICUS 005 20250424100231.0 008 150825s1969 be u000 u lat u 040 $aSeMil$bita 100 0 $aRupertus : Tuitiensis ,$c.$0(OLS)http://semarc/name/3583 245 10$aRuperti Tuitiensis Commentaria in evangelium sancti Iohannis /$cedidit Rhabanus Haacke. 260 $aTurnholti :$bTypographi Brepols Editores Pontificii,$c1969. 300 $aXV, 831 p., [1] c. di tav. :$bill. ;$c26 cm. 490 0 $aCorpus Christianorum. Continuatio Mediaevalis ;$v9. 650 4$aBibbia. Nuovo Testamento. Vangelo secondo Giovanni - Commentari, studi, critica, interpretazioni.$0(OLS)http://semarc/subject/119 700 1 $aHaacke, Rhaban,$c.$0(OLS)http://semarc/name/3584 830 0$aCorpus Christianorum. Continuatio Mediaevalis ;$v9.$0(OLS)http://semarc/title/35 850 $aSeMil 852 $aSeMil$W1$xVenegono$y1$mSL2.F CC.CM 9$j256219$B61478$CSeMilBibl$Z2$F70836 $8I 961 $aSottoscrizione: Brepols 996 $6245$aRuperti Tuitiensis Commentaria in evangelium sancti Iohannis$9(OLS)http://semarc/title/152368 996 $6260$aTurnholti :$bTypographi Brepols Editores Pontificii$9(OLS)http://semarc/publisher/30220